Największe miasta w Europejskim Bananie - Statystyki

Ogólne statystyki
  • Ten quiz został rozwiązany 15 049 razy
  • Średni wynik to 12 z 21
Odpowiedzi na mapie
Odpowiedzi zakodowano w zielono-czerwonej skali na mapie do tego quizu, zgodnie z poniższymi procentami.
 
Statystyki odpowiedzi
Liczba ludności Miasto % Poprawnych
14.8 mil Londyn
99%
2.48 mil Amsterdam
91%
2.70 mil Bruksela
90%
2.25 mil Monachium
84%
6.20 mil Mediolan
80%
3.05 mil Manchester
79%
1.88 mil Liverpool
74%
3.25 mil Rotterdam
68%
5.70 mil Zagłębie Ruhry
67%
5.00 mil Kolonia / Düsseldorf
62%
1.64 mil Turyn
62%
1.43 mil Zurych
60%
3.25 mil Frankfurt
58%
3.15 mil Birmingham
54%
2.40 mil Stuttgart
35%
2.18 mil Leeds
34%
1.20 mil Norymberga
28%
1.29 mil Lille
22%
1.67 mil Sheffield
18%
1.38 mil Nottingham
16%
1.58 mil Mannheim
11%
Nie znaleziono quizów pasujących do podanych kryteriów
Rozkład punktacji
Procent ludzi z każdym wynikiem
Percentyl według liczby udzielonych odpowiedzi
Twoja historia wyników
Nie rozwiązałeś tego quizu